LEADER 01184nam a2200289 u 4500 001 000000110276 003 CaOOAMICUS 005 20080304102051.0 008 080304s2008 it u000 u ita u 020 $z978-88-598-0226-6* 040 $aPUL$bita$dLDB 100 1 $aGambaro, Antonio.$0(OLS)http://pul/name/29822 245 10$aSistemi giuridici comparati /$cAntonio Gambaro, Rodolfo Sacco. 250 $a3. ed. 260 $aTorino :$bUTET Giuridica,$cc2008. 300 $axiv, 442 p. ;$c24 cm. 490 1 $aTrattato di diritto comparato 504 $aBibliografia in nota. 650 4$aDiritto comparato.$0(OLS)http://pul/subject/489 700 1 $aSacco, Rodolfo.$0(OLS)http://pul/name/23503 830 0$aTrattato di diritto comparato.$0(OLS)http://pul/title/54501 850 $aPUL 852 $aPUL$W1$xSL Diritto e Scienze Sociali 3$y79$m340. 2 GAMAN 1$j126309$qDDC 21$B125035$CPULBib$Z2$F125035 $H106524 $82 941 1 $a9 996 $6020$z978-88-598-0226-6*$9(OLS)http://pul/number/137310 996 $6245$aSistemi giuridici comparati$9(OLS)http://pul/title/52803 996 $6260$aTorino :$bUTET Giuridica$9(OLS)http://pul/publisher/79191 LEADER 01379cam a22003134a 4500 001 000000132070 003 CaOOAMICUS 005 20121211102955.0 008 121211s2006 it fa b 000 0 ita r 020 $a88-420-8051-9 040 $aPUL$bita 100 1 $aGentile, Emilio.$0(OLS)http://pul/name/73989 245 13$aLa democrazia di Dio :$bla religione americana nell'era dell'impero e del terrore /$cEmilio Gentile. 260 $aRoma ;$aBari :$bLaterza,$cİ2006. 300 $aX, 262 p., [8] c. di tav. :$bill. ;$c21 cm. 490 1 $aRobinson /Letture 504 $aBibliografia e note p. 229-[254]. 650 4$aStoria contemporanea.$0(OLS)http://pul/subject/12218 650 4$aTerrorismo$zStati Uniti.$0(OLS)http://pul/subject/39109 651 4$aStati Uniti$xPolitica e governo.$0(OLS)http://pul/subject/14819 830 2$aI Robinson.$pLetture.$0(OLS)http://pul/title/65836 850 $aPUL 852 $aPUL$W1$xDP1 Fondo E. Rossi$y115$m1 G 37$j18554$qFondi$B151344$CPULBib$Z2$F151344 $82 941 1 $a1 961 $aSul dorso collocazione ms. di E. Rossi: G 18 0 0 996 $6020$a88-420-8051-9$9(OLS)http://pul/number/151343 996 $6245$aLa democrazia di Dio :$bla religione americana nell'era dell'impero e del terrore$9(OLS)http://pul/title/149198 996 $6260$aRoma ;$aBari :$bLaterza$9(OLS)http://pul/publisher/57682